[Event "FSV-ch 2014"]
[Site "Offene VM 2014"]
[Date "2014.06.05"]
[Round "8.13"]
[White "Yangibayev, Rustam"]
[Black "Link, Werner"]
[Result "0-1"]
[WhiteElo "1490"]
[BlackElo "1444"]
[PlyCount "66"]
[EventDate "2014.??.??"]
[Source "Pit Schulenburg"]
[SourceDate "2014.03.06"]

1. d4 d5 2. Nf3 Nf6 3. Bf4 e6 4. e3 Bd6 5. Bg3 Bxg3 6. hxg3 b6 7. Nc3 Bb7 8.
Bb5+ Nc6 9. Ne5 Qd6 10. g4 Ne4 11. Qf3 Ng5 12. Qe2 Ke7 13. f4 Ne4 14. Nxe4 dxe4
15. O-O-O a6 16. Bxc6 Bxc6 17. g5 f6 18. gxf6+ gxf6 19. Ng4 h5 20. Nf2 Qd5 21.
c4 Qa5 22. Kb1 f5 23. Rxh5 b5 24. d5 Bd7 25. Rg5 Rag8 26. Nh3 Qb4 27. Rc1 Qa5
28. Qd1 bxc4 29. Rxc4 Bb5 30. Rd4 Bd3+ 31. Ka1 Rxg5 32. Nxg5 exd5 33. Ra4 Qxa4
0-1

[Event "FSV-ch 2014"]
[Site "Offene VM 2014"]
[Date "2014.06.05"]
[Round "8.14"]
[White "Kirmes, Hans-Uwe"]
[Black "Benke, Werner"]
[Result "0-1"]
[WhiteElo "1323"]
[BlackElo "1529"]
[PlyCount "68"]
[EventDate "2014.??.??"]
[Source "Pit Schulenburg"]
[SourceDate "2014.03.06"]

1. e4 e6 2. d4 d5 3. Nc3 dxe4 4. Nxe4 Nd7 5. Bd3 Ngf6 6. Nf3 Nxe4 7. Bxe4 Nf6
8. Bd3 Be7 9. O-O O-O 10. Re1 b6 11. c3 Bb7 12. Qe2 h6 13. h3 Qd7 14. b3 Rfd8
15. Bf4 Nd5 16. Bd2 Nf6 17. Qe3 Rac8 18. Qe2 c5 19. Bb5 Qd5 20. c4 Qh5 21. dxc5
Bxf3 22. gxf3 Bxc5 23. Kh2 Rd4 24. f4 Bd6 25. Qxh5 Nxh5 26. Be3 Bxf4+ 27. Kg2
Bxe3 28. fxe3 Rd2+ 29. Kg1 Rc5 30. h4 Rf5 31. Bc6 Rff2 32. b4 Rxa2 33. Rad1 Ng3
34. c5 bxc5 0-1

[Event "FSV-ch 2014"]
[Site "Offene VM 2014"]
[Date "2014.06.05"]
[Round "8.15"]
[White "Nettbohl, Werner"]
[Black "Kawka, Bogdan"]
[Result "1-0"]
[WhiteElo "1445"]
[BlackElo "1262"]
[PlyCount "85"]
[EventDate "2014.??.??"]
[Source "Pit Schulenburg"]
[SourceDate "2014.03.06"]

1. e4 e5 2. Nf3 Nc6 3. Bc4 Nf6 4. d3 Be7 5. a3 O-O 6. O-O d6 7. h3 Na5 8. Ba2
b6 9. Be3 c6 10. b4 Nb7 11. c4 Qc7 12. Nc3 h6 13. Qd2 Nh7 14. Rad1 Kh8 15. d4
Bf6 16. d5 c5 17. Nh2 Qe7 18. Bb1 a5 19. b5 a4 20. Ne2 Na5 21. Ba2 Ng5 22. Ng3
Nh7 23. Nf3 Rg8 24. Nh5 Bg5 25. Nxg5 Nxg5 26. f3 Nh7 27. Ng3 Qf8 28. f4 Qe7 29.
fxe5 Qxe5 30. Bf4 Qe7 31. Rde1 f6 32. Rf2 Nf8 33. Nf5 Bxf5 34. exf5 Qc7 35.
Rfe2 Nd7 36. Re7 g5 37. fxg6 Rxg6 38. Re8+ Rxe8 39. Rxe8+ Kh7 40. Bb1 Ne5 41.
Bxe5 fxe5 42. Re6 Nxc4 43. Qd3 1-0

[Event "FSV-ch 2014"]
[Site "Offene VM 2014"]
[Date "2014.06.05"]
[Round "8.17"]
[White "Tautz, Eugen"]
[Black "Schmidt, Andreas N"]
[Result "1-0"]
[WhiteElo "1375"]
[BlackElo "1007"]
[PlyCount "67"]
[EventDate "2014.??.??"]
[Source "Pit Schulenburg"]
[SourceDate "2014.03.06"]

1. c4 e5 2. Nc3 Nf6 3. Nf3 Nc6 4. e3 e4 5. Ng5 d5 6. cxd5 Nxd5 7. Ngxe4 Bf5 8.
Ng3 Bg6 9. a3 Be7 10. Qb3 Nxc3 11. Qxc3 O-O 12. Be2 Qd7 13. d4 a5 14. Bf3 Nb4
15. Be4 Bxe4 16. Nxe4 Qg4 17. Ng3 Rad8 18. O-O Nd5 19. Qxa5 b6 20. Qb5 Nf6 21.
b4 Bd6 22. Qe2 Qg6 23. Bb2 Rfe8 24. Qd2 Bxg3 25. fxg3 Qh6 26. Rf4 Re4 27. Rxe4
Nxe4 28. Qd3 Re8 29. Rf1 Nf6 30. Rf4 Nd5 31. Rf3 Nxe3 32. Bc1 Qc6 33. Bxe3 Rxe3
34. Qxe3 1-0

[Event "FSV-ch 2014"]
[Site "Offene VM 2014"]
[Date "2014.06.05"]
[Round "8.18"]
[White "Baier, Jörg"]
[Black "Winkler, Harald"]
[Result "1/2-1/2"]
[WhiteElo "1517"]
[BlackElo "1284"]
[PlyCount "90"]
[EventDate "2014.??.??"]
[Source "Pit Schulenburg"]
[SourceDate "2014.03.06"]

1. d4 d5 2. c4 e6 3. Nc3 Nf6 4. Bg5 c6 5. e3 g6 6. Nf3 Bg7 7. Be2 b6 8. O-O O-O
9. Re1 Qc7 10. Bf4 Qb7 11. Qc2 Nbd7 12. cxd5 exd5 13. Rac1 a6 14. e4 dxe4 15.
Nxe4 Nxe4 16. Qxe4 c5 17. Qd3 Qd5 18. dxc5 Qxd3 19. Bxd3 Nxc5 20. Be4 Nxe4 21.
Rxe4 Bxb2 22. Rc7 Rd8 23. Kf1 Be6 24. Rb4 Bf6 25. Rxb6 Rab8 26. Rxb8 Rxb8 27.
Rc1 Rb2 28. Be5 Bxe5 29. Nxe5 Rxa2 30. Nc6 a5 31. Nd4 Kg7 32. Nxe6+ fxe6 33.
Rc7+ Kh6 34. Re7 Rb2 35. Rxe6 a4 36. Ra6 Rb1+ 37. Ke2 Rb2+ 38. Ke1 Ra2 39. Ra5
a3 40. Ra4 Ra1+ 41. Ke2 a2 42. Kf3 Rh1 43. Rxa2 Rxh2 44. Kg3 Rh5 45. f3 Rf5
1/2-1/2

[Event "FSV-ch 2014"]
[Site "Offene VM 2014"]
[Date "2014.06.05"]
[Round "8.19"]
[White "Jentzsch, Werner W"]
[Black "Zabel, Reinhard"]
[Result "0-1"]
[WhiteElo "1325"]
[BlackElo "1457"]
[PlyCount "90"]
[EventDate "2014.??.??"]
[Source "Pit Schulenburg"]
[SourceDate "2014.03.06"]

1. d4 d5 2. Nc3 Nf6 3. Bf4 e6 4. e3 c5 5. Nb5 Na6 6. dxc5 Bxc5 7. Nf3 O-O 8. c3
Bd7 9. Nbd4 Qb6 10. Qc2 Rac8 11. Bd3 Nb4 12. Qe2 Nxd3+ 13. Qxd3 Ne4 14. O-O
Rfe8 15. Bg3 f6 16. Rfd1 Bxd4 17. Nxd4 Nc5 18. Qc2 Na4 19. Nb3 Nc5 20. Rd4 a5
21. Rh4 g6 22. Rf4 f5 23. Rd4 Ba4 24. Be5 Bxb3 25. axb3 Nxb3 26. Raa4 Nxd4 27.
exd4 Qb5 28. Ra3 b6 29. Qd2 Qd7 30. Qg5 Qf7 31. h4 h5 32. Qh6 Qh7 33. Qg5 Rf8
34. Rb3 Rc6 35. Rb5 Kf7 36. Bf6 Rfc8 37. Be7 Qh8 38. Ba3 Qf6 39. Qh6 Rh8 40.
Qf4 Rg8 41. Rxb6 Rgc8 42. Rb7+ Kg8 43. Be7 Qf7 44. Qh6 R8c7 45. Bf6 Qxf6 0-1

[Event "FSV-ch 2014"]
[Site "Offene VM 2014"]
[Date "2014.06.05"]
[Round "8.20"]
[White "Wilkins, Petra"]
[Black "Heinz, Hans-Werner"]
[Result "0-1"]
[WhiteElo "982"]
[BlackElo "1180"]
[PlyCount "138"]
[EventDate "2014.??.??"]
[Source "Pit Schulenburg"]
[SourceDate "2014.03.06"]

1. d4 d5 2. Nf3 Nf6 3. g3 e6 4. Bg2 Be7 5. O-O h6 6. Re1 O-O 7. Ne5 Nh7 8. Nd2
Nd7 9. Ndf3 c6 10. Bf4 Re8 11. e4 Ndf8 12. Nh4 Bxh4 13. Nxf7 Kxf7 14. Qh5+ Kg8
15. gxh4 Re7 16. Qg4 Kh8 17. e5 Bd7 18. Re3 Be8 19. Rg3 h5 20. Qe2 g6 21. Kh1
Rf7 22. Bg5 Nxg5 23. Rxg5 Rf5 24. f4 Rc8 25. Rg1 Rxf4 26. Rf1 Rxf1+ 27. Qxf1
Nh7 28. Rg3 Qe7 29. Qf4 Qg7 30. Qd2 Rc7 31. Qa5 b6 32. Qa3 Rf7 33. Qd6 Re7 34.
Bh3 Nf8 35. Bg2 Rf7 36. Qd8 Re7 37. Bf3 Qf7 38. Qc8 Rc7 39. Qa6 c5 40. Qd3 c4
41. Qd2 Kh7 42. c3 Qf5 43. Bd1 Rf7 44. Bf3 Qb1+ 45. Kg2 Qd3 46. Qg5 Qc2+ 47.
Kh1 Qf2 48. Bxh5 Qe1+ 49. Rg1 Qe4+ 50. Qg2 gxh5 51. h3 Rf2 52. Qxe4+ dxe4 53.
Re1 Rf4 54. Kg1 Ng6 55. Kg2 Nxh4+ 56. Kg3 Ng6 57. Re3 h4+ 58. Kg2 Ne7 59. b3
Nf5 60. Re1 cxb3 61. axb3 e3 62. Re2 Bc6+ 63. Kg1 Bf3 64. Re1 e2 65. Kf2 Bh5+
66. Kg1 Ne3 67. Ra1 Rf1+ 68. Rxf1 exf1=Q+ 69. Kh2 Qg2# 0-1

[Event "FSV-ch 2014"]
[Site "Offene VM 2014"]
[Date "2014.06.05"]
[Round "8.22"]
[White "Rabe, Mark"]
[Black "Reker, Gerhard"]
[Result "0-1"]
[WhiteElo "1032"]
[BlackElo "878"]
[PlyCount "64"]
[EventDate "2014.??.??"]
[Source "Pit Schulenburg"]
[SourceDate "2014.03.06"]

1. c4 e5 2. Nc3 Nc6 3. e4 Bb4 4. Be2 Nf6 5. Nf3 O-O 6. Qb3 Bxc3 7. bxc3 Nxe4 8.
O-O d6 9. d3 Nc5 10. Qc2 Re8 11. d4 Ne6 12. d5 Nf4 13. dxc6 Nxe2+ 14. Qxe2 bxc6
15. Qc2 e4 16. Ng5 Bf5 17. f3 f6 18. fxe4 Bg6 19. Qd2 fxg5 20. Qxg5 Qb8 21. c5
Re5 22. Qf4 Rxe4 23. Qf3 d5 24. h4 Rxh4 25. Be3 Be4 26. Qf7+ Kh8 27. Bd4 Qg8
28. Qxc7 Rg4 29. Rf2 Rf8 30. Rxf8 Qxf8 31. Rf1 Rxg2+ 32. Kh1 Qxf1+ 0-1

[Event "FSV-ch 2014"]
[Site "Offene VM 2014"]
[Date "2014.06.26"]
[Round "9.2"]
[White "Zelt, Jens"]
[Black "Bommert, Christian"]
[Result "1-0"]
[WhiteElo "2001"]
[BlackElo "1770"]
[PlyCount "53"]
[EventDate "2014.??.??"]
[Source "Pit Schulenburg"]
[SourceDate "2014.03.06"]

1. g3 f5 2. Bg2 Nf6 3. d3 Nc6 4. c4 g6 5. Nc3 Bg7 6. Nh3 O-O 7. O-O d6 8. f4 a6
9. e3 e5 10. Nf2 Qe8 11. Bd2 Rb8 12. Rc1 Nd8 13. b4 Bd7 14. b5 axb5 15. cxb5
Ne6 16. Qb3 Kh8 17. Qb4 Nc5 18. fxe5 Ng4 19. Nxg4 Nxd3 20. Qb1 Nxc1 21. Nf6
Bxf6 22. exf6 Nxa2 23. Qxa2 Bxb5 24. Nxb5 Qxb5 25. Bc3 h6 26. f7+ Kh7 27. Qe6
1-0

[Event "FSV-ch 2014"]
[Site "Offene VM 2014"]
[Date "2014.06.26"]
[Round "9.3"]
[White "Dieckmann, Rudolf"]
[Black "Lauche, Christoph"]
[Result "0-1"]
[WhiteElo "1614"]
[BlackElo "1887"]
[PlyCount "52"]
[EventDate "2014.??.??"]
[Source "Pit Schulenburg"]
[SourceDate "2014.03.06"]

1. d4 c5 2. Nf3 cxd4 3. Qxd4 Nc6 4. Qa4 Nf6 5. e4 d6 6. Nc3 Bd7 7. Qb3 Na5 8.
Qb4 e6 9. Bb5 Nc6 10. Qc4 a6 11. Bxc6 Bxc6 12. Bg5 Be7 13. O-O Nxe4 14. Bxe7
Qxe7 15. Qd3 Nxc3 16. Qxc3 O-O 17. Rad1 Rac8 18. Qd2 Bxf3 19. gxf3 d5 20. c3
Qf6 21. Qe3 Rc4 22. Rd4 Rxd4 23. cxd4 Rc8 24. Rc1 Rxc1+ 25. Qxc1 h5 26. Qe3
Qg6+ 0-1

[Event "FSV-ch 2014"]
[Site "Offene VM 2014"]
[Date "2014.06.26"]
[Round "9.5"]
[White "Jost, Udo"]
[Black "Rauschenbusch, Udo"]
[Result "1-0"]
[WhiteElo "1838"]
[BlackElo "1674"]
[PlyCount "67"]
[EventDate "2014.??.??"]
[Source "Pit Schulenburg"]
[SourceDate "2014.03.06"]

1. c4 e5 2. Nc3 Nf6 3. a3 Nc6 4. e3 d5 5. cxd5 Nxd5 6. Qc2 Be6 7. Nf3 a6 8. Be2
Be7 9. d3 Qd7 10. Bd2 f5 11. h4 O-O 12. Rd1 Rad8 13. Nxd5 Bxd5 14. Bc3 Qe6 15.
Rd2 Bb3 16. Qb1 a5 17. d4 e4 18. Ng1 Qg6 19. g3 f4 20. h5 Qh6 21. gxf4 Bd5 22.
Nh3 Bh4 23. Rg1 b5 24. Rc2 Qe6 25. Bg4 Qf6 26. Bd2 g5 27. Rc5 h6 28. Rxb5 Nxd4
29. Rxd5 Rxd5 30. Qxe4 Rdd8 31. Bc3 Rfe8 32. Bxd4 Qxd4 33. Be6+ Kh8 34. exd4
1-0

[Event "FSV-ch 2014"]
[Site "Offene VM 2014"]
[Date "2014.06.26"]
[Round "9.7"]
[White "Khess, Roman"]
[Black "Jähnicke, Karl-Heinz"]
[Result "0-1"]
[WhiteElo "1629"]
[BlackElo "1743"]
[PlyCount "104"]
[EventDate "2014.??.??"]
[Source "Pit Schulenburg"]
[SourceDate "2014.03.06"]

1. c4 Nf6 2. Nc3 e6 3. g3 g6 4. Bg2 c5 5. Nf3 Nc6 6. d3 Bg7 7. Rb1 O-O 8. O-O
d5 9. b3 Ng4 10. Na4 b6 11. h3 Nge5 12. Bg5 Qd7 13. Qd2 Bb7 14. Bh6 Nxf3+ 15.
Bxf3 Ne5 16. Bg2 Rad8 17. Bxg7 Kxg7 18. f4 Nc6 19. Nc3 Ne7 20. Qb2 f6 21. Rbd1
Nf5 22. Rf3 d4 23. Ne4 Nd6 24. Rf2 Nxe4 25. Bxe4 Bxe4 26. dxe4 Qc6 27. Qc2 Rd7
28. Qd3 f5 29. e5 Rfd8 30. Qf3 Qe4 31. Rd3 a6 32. Rf1 b5 33. Rc1 b4 34. a4 Qxf3
35. exf3 h6 36. Kg2 Rg8 37. g4 Kf8 38. h4 Rh7 39. Kg3 g5 40. fxg5 hxg5 41. h5
Ke7 42. Rh1 Rf8 43. Re1 Rhf7 44. Re2 fxg4 45. fxg4 Rf1 46. Rh2 Rc1 47. Rf2 Rc3
48. Rfd2 Rf1 49. Kg2 Rb1 50. h6 Kf7 51. Rd1 Rbxb3 52. h7 Kg7 0-1

[Event "FSV-ch 2014"]
[Site "Offene VM 2014"]
[Date "2014.06.26"]
[Round "9.9"]
[White "Benke, Werner"]
[Black "Begna, Bozidar"]
[Result "0-1"]
[WhiteElo "1529"]
[BlackElo "1904"]
[PlyCount "130"]
[EventDate "2014.??.??"]
[Source "Pit Schulenburg"]
[SourceDate "2014.03.06"]

1. d4 d6 2. Nf3 c6 3. c3 Qc7 4. Qc2 e5 5. e3 Nf6 6. dxe5 dxe5 7. e4 Be7 8. Be2
Nbd7 9. Bg5 Nc5 10. Bxf6 Bxf6 11. O-O Bg4 12. Nbd2 Ne6 13. h3 Nf4 14. Rfe1
Nxe2+ 15. Rxe2 Be6 16. Nf1 Rd8 17. Rd2 O-O 18. b3 Be7 19. Rad1 Rxd2 20. Rxd2 f5
21. exf5 Bxf5 22. Qd1 Qa5 23. Qe2 Qxc3 24. Qxe5 Qxe5 25. Nxe5 Bc5 26. Nc4 Bb4
27. Rd1 b5 28. Nce3 Be6 29. Nc2 Bc5 30. Nce3 Be7 31. Ng3 a5 32. Rc1 c5 33. Ne4
Rc8 34. Kf1 a4 35. bxa4 bxa4 36. Nc4 Rb8 37. Ke1 Rb4 38. Ned2 Kf8 39. Ke2 Ke8
40. Ke3 Kd7 41. g4 Bf6 42. f4 Bd4+ 43. Kd3 Bd5 44. a3 Rb8 45. Re1 Re8 46. Nb6+
Kc6 47. Rxe8 Kxb6 48. Nc4+ Kc7 49. Re7+ Kd8 50. Ra7 Bg2 51. h4 Bf1+ 52. Ke4
Bxc4 53. Rxa4 Be2 54. g5 Bf2 55. Ra8+ Ke7 56. Ra7+ Kf8 57. Ra8+ Kf7 58. Ra7+
Kg6 59. f5+ Kh5 60. f6 gxf6 61. gxf6 Kg6 62. Ke5 Bd4+ 63. Kd5 Bf3+ 64. Kc4 h5
65. Kd3 Kxf6 0-1

[Event "FSV-ch 2014"]
[Site "Offene VM 2014"]
[Date "2014.06.26"]
[Round "9.10"]
[White "Schütz, Ralf"]
[Black "Zhang, Jingfu"]
[Result "0-1"]
[WhiteElo "1815"]
[BlackElo "1533"]
[PlyCount "38"]
[EventDate "2014.??.??"]
[Source "Pit Schulenburg"]
[SourceDate "2014.03.06"]

1. e4 e5 2. Nf3 Nc6 3. d4 exd4 4. Nxd4 Bc5 5. Nxc6 bxc6 6. Bd3 Nf6 7. O-O O-O
8. Nc3 Re8 9. Qf3 Bb7 10. Bg5 Be7 11. Qh3 h6 12. e5 hxg5 13. exf6 Bxf6 14. Qh7+
Kf8 15. Qh8+ Ke7 16. Rfe1+ Kd6 17. Ne4+ Rxe4 18. Qxd8 Rxe1+ 19. Rxe1 Rxd8 0-1

[Event "FSV-ch 2014"]
[Site "Offene VM 2014"]
[Date "2014.06.26"]
[Round "9.11"]
[White "Boeck, Matthias"]
[Black "Orlowski, Wilfried"]
[Result "0-1"]
[WhiteElo "1697"]
[BlackElo "1566"]
[PlyCount "72"]
[EventDate "2014.??.??"]
[Source "Pit Schulenburg"]
[SourceDate "2014.03.06"]

1. f4 d5 2. Nf3 c5 3. g3 Nc6 4. Bg2 Bg4 5. O-O Bxf3 6. Bxf3 e6 7. d3 Nf6 8. c3
Rc8 9. Qe1 d4 10. Na3 a6 11. g4 b5 12. Kg2 Nd5 13. e4 dxe3 14. Bxe3 Nxe3+ 15.
Qxe3 Bd6 16. Be4 Qh4 17. h3 O-O 18. Nc2 Rfd8 19. Ne1 Qe7 20. Qf3 Qc7 21. h4 g6
22. Rd1 f5 23. gxf5 gxf5 24. Bxc6 Qxc6 25. d4 Qxf3+ 26. Nxf3 Bxf4 27. dxc5 Rxd1
28. Rxd1 Rxc5 29. Nd4 Rd5 30. Kf3 e5 31. Rg1+ Kf7 32. Nxf5 Rd2 33. Rg2 Rd1 34.
Re2 Kf6 35. Ke4 Rh1 36. b3 Rc1 0-1

[Event "FSV-ch 2014"]
[Site "Offene VM 2014"]
[Date "2014.06.26"]
[Round "9.12"]
[White "Mokros, Jürgen"]
[Black "Vogt, Christian"]
[Result "1-0"]
[WhiteElo "1528"]
[BlackElo "1572"]
[PlyCount "93"]
[EventDate "2014.??.??"]
[Source "Pit Schulenburg"]
[SourceDate "2014.03.06"]

1. Nf3 Nf6 2. d4 d5 3. b3 e6 4. Bb2 g6 5. e3 Bg7 6. Ba3 Nbd7 7. c4 Bf8 8. c5 c6
9. b4 Qc7 10. Bb2 Bg7 11. Nc3 O-O 12. Be2 e5 13. O-O e4 14. Nd2 Re8 15. a4 Nf8
16. b5 h5 17. h3 Bd7 18. Nb3 N8h7 19. Kh1 Qc8 {(=)} 20. Kh2 Qc7+ 21. g3 Qc8 22.
h4 Bh3 23. Rh1 Bg4 24. Kg2 Qf5 25. Na5 Qd7 26. Rb1 Qc7 27. Nb3 Qd7 28. Bc1 Bxe2
29. Qxe2 Qg4 30. bxc6 Qxe2 31. Nxe2 bxc6 32. Na5 Rec8 33. Bd2 Rc7 34. Rb3 Nd7
35. Rhb1 Nhf8 36. Nb7 Rcc8 37. Ba5 Bf6 38. Nd6 Rcb8 39. Bc7 Rxb3 40. Rxb3 Be7
41. Rb7 Bxd6 42. Bxd6 a5 43. Nc1 Kg7 44. Nb3 Kg8 45. Bc7 Kg7 46. Nxa5 Ne6 47.
Nxc6 1-0

[Event "FSV-ch 2014"]
[Site "Offene VM 2014"]
[Date "2014.06.26"]
[Round "9.14"]
[White "Schmidt, Andreas N"]
[Black "Tautz, Eugen"]
[Result "0-1"]
[WhiteElo "1007"]
[BlackElo "1375"]
[PlyCount "52"]
[EventDate "2014.??.??"]
[Source "Pit Schulenburg"]
[SourceDate "2014.03.06"]

1. e4 c5 2. d4 cxd4 3. c3 dxc3 4. Bc4 e6 5. Nxc3 a6 6. Qa4 Nc6 7. a3 Rb8 8. Ba2
b5 9. Qd1 Bb7 10. Nf3 Be7 11. e5 Qc7 12. Bf4 Rd8 13. O-O d6 14. Qe2 dxe5 15.
Nxe5 Bd6 16. Nxf7 Qxf7 17. Bxe6 Qe7 18. Nd5 Nd4 19. Qh5+ g6 20. Nxe7 gxh5 21.
Nd5 Bxd5 22. Bxd5 Ne2+ 23. Kh1 Nxf4 24. Bc6+ Kf7 25. Rad1 Ne7 26. Ba8 Bc7 0-1

[Event "FSV-ch 2014"]
[Site "Offene VM 2014"]
[Date "2014.06.26"]
[Round "9.15"]
[White "Zabel, Reinhard"]
[Black "Yangibayev, Rustam"]
[Result "1-0"]
[WhiteElo "1457"]
[BlackElo "1490"]
[PlyCount "99"]
[EventDate "2014.??.??"]
[Source "Pit Schulenburg"]
[SourceDate "2014.03.06"]

1. e4 c6 2. Nf3 d5 3. e5 Bg4 4. d4 e6 5. Be2 Nd7 6. O-O Ne7 7. Bg5 Qb6 8. b3 h6
9. Be3 Nf5 10. h3 Bxf3 11. Bxf3 c5 12. c3 Rc8 13. Qd3 Be7 14. Nd2 O-O 15. Rfc1
Rfd8 16. Bg4 Nxe3 17. Qxe3 cxd4 18. cxd4 Ba3 19. Rxc8 Rxc8 20. Nf3 Qb4 21. Rd1
Rc2 22. Rd3 Rxa2 23. Rc3 Nf8 24. Rc7 Qb6 25. Qc3 Bb4 26. Qc1 Qa5 27. Kh2 Rxf2
28. Rxb7 Bc3 29. Qf4 f5 30. exf6 g5 31. Rg7+ Kh8 32. Qe5 Qa2 33. f7 Rxg2+ 34.
Kh1 Rh2+ 35. Nxh2 Qb1+ 36. Kg2 Qc2+ 37. Be2 Qe4+ 38. Qxe4 dxe4 39. Rg8+ Kh7 40.
Rxf8 Kg7 41. Ra8 Kxf7 42. Rxa7+ Kf6 43. Ng4+ Kg6 44. Ra6 h5 45. Ne5+ Kf5 46.
Nc6 Kf4 47. Bxh5 Ke3 48. Bg4 Kd2 49. Bxe6 e3 50. Bg4 1-0

[Event "FSV-ch 2014"]
[Site "Offene VM 2014"]
[Date "2014.06.26"]
[Round "9.16"]
[White "Herrmann, Rudolf"]
[Black "Hast, Stefan"]
[Result "1-0"]
[WhiteElo "1346"]
[BlackElo "1201"]
[PlyCount "69"]
[EventDate "2014.??.??"]
[Source "Pit Schulenburg"]
[SourceDate "2014.03.06"]

1. d4 Nf6 2. c4 e6 3. Nf3 b6 4. Nc3 Be7 5. e3 Bb7 6. Be2 d6 7. O-O O-O 8. Qc2
c5 9. Ng5 h6 10. Bf3 Bxf3 11. Nxf3 cxd4 12. Nxd4 a6 13. a4 Qc7 14. b3 Nc6 15.
Ba3 Nxd4 16. exd4 Rfe8 17. Rfe1 d5 18. Bxe7 Rxe7 19. Qe2 Qf4 20. Qe3 Qxe3 21.
Rxe3 dxc4 22. b4 Kf8 23. h3 Nd5 24. Rf3 Nxc3 25. Rxc3 Rd8 26. Rxc4 Red7 27. b5
axb5 28. axb5 Rxd4 29. Rc6 Rd1+ 30. Rxd1 Rxd1+ 31. Kh2 Ke7 32. Rxb6 Rd6 33. Ra6
Rd7 34. b6 Rb7 35. Ra7 1-0

[Event "FSV-ch 2014"]
[Site "Offene VM 2014"]
[Date "2014.06.26"]
[Round "9.17"]
[White "Kawka, Bogdan"]
[Black "Baier, Jörg"]
[Result "1/2-1/2"]
[WhiteElo "1262"]
[BlackElo "1517"]
[PlyCount "94"]
[EventDate "2014.??.??"]
[Source "Pit Schulenburg"]
[SourceDate "2014.03.06"]

1. e4 c5 2. Nf3 d6 3. d4 cxd4 4. Nxd4 Nf6 5. Nc3 a6 6. Be3 e6 7. Nb3 Be7 8. Qd2
O-O 9. O-O-O b5 10. f3 Bb7 11. h4 Nc6 12. g4 Ne5 13. Be2 Nc4 14. Bxc4 bxc4 15.
Nd4 Nd7 16. g5 Nc5 17. h5 f5 18. exf5 exf5 19. g6 f4 20. Bxf4 Rxf4 21. Qxf4 Bg5
22. Qxg5 Qxg5+ 23. Kb1 hxg6 24. Rdg1 Qe3 25. Nde2 Bxf3 26. Rh3 Ne4 27. Rf1
Nxc3+ 28. Nxc3 Rf8 29. hxg6 Re8 30. a3 Rf8 31. Rfh1 Bxh1 32. Rxe3 Rf1+ 33. Ka2
Kf8 34. Re6 Rf6 35. Re1 Bc6 36. Rg1 d5 37. Ne2 Be8 38. Rg5 Bxg6 39. Rxd5 Bxc2
40. Nd4 Rf1 41. Nxc2 Rf6 42. Ne3 Rc6 43. Nf5 g6 44. Ne3 c3 45. bxc3 Rxc3 46.
Nd1 Rc6 47. a4 Ke7 1/2-1/2

[Event "FSV-ch 2014"]
[Site "Offene VM 2014"]
[Date "2014.06.26"]
[Round "9.18"]
[White "Schirmer, Michael"]
[Black "Jentzsch, Werner W"]
[Result "0-1"]
[WhiteElo "1523"]
[BlackElo "1325"]
[PlyCount "96"]
[EventDate "2014.??.??"]
[Source "Pit Schulenburg"]
[SourceDate "2014.03.06"]

1. e4 e6 2. d4 d5 3. Nc3 Bb4 4. a3 Bxc3+ 5. bxc3 dxe4 6. f3 exf3 7. Nxf3 Ne7 8.
Bc4 O-O 9. O-O c6 10. Qd3 b5 11. Bb3 Ng6 12. Ng5 Bb7 13. Nxf7 Rxf7 14. Bxe6 Nh8
15. Qf5 (15. Bh6 $3 $18 {zum Beispiel} 15... gxh6 (15... Bc8 16. Bxf7+ Nxf7 17.
Rxf7 Kxf7 18. Qxh7 Qf6 19. Rf1 {usw.}) 16. Rxf7 Nxf7 17. Rf1) 15... Qf6 16.
Bxf7+ Qxf7 17. Qg5 Qd7 18. a4 Nf7 19. Ba3 Na6 20. Qf4 Nc7 21. Rae1 Nd5 22. Qf3
bxa4 23. c4 Ba6 24. cxd5 Bxf1 25. Re7 Qxd5 26. Qxd5 cxd5 27. Kxf1 Ng5 28. c4
dxc4 29. d5 Rd8 30. d6 c3 31. d7 Ne6 32. Ke1 h6 33. Bb4 c2 34. Kd2 Nf8 35. Kxc2
Rxd7 36. Re8 Rf7 37. Kb2 g5 38. Re2 Nd7 39. Re8+ Kg7 40. Bc3+ Kg6 41. Re6+ Kh5
42. g4+ Kxg4 43. Rxh6 Rf2+ 44. Ka3 Rf3 45. Kb4 a5+ 46. Kc4 a3 47. Rd6 a2 48.
Rxd7 Rxc3+ 0-1

[Event "FSV-ch 2014"]
[Site "Offene VM 2014"]
[Date "2014.06.26"]
[Round "9.19"]
[White "Winkler, Harald"]
[Black "Heinz, Hans-Werner"]
[Result "1/2-1/2"]
[WhiteElo "1284"]
[BlackElo "1164"]
[PlyCount "90"]
[EventDate "2014.??.??"]
[Source "Pit Schulenburg"]
[SourceDate "2014.03.06"]

1. g4 d5 2. e3 e6 3. Nf3 Bd6 4. d4 Nf6 5. h3 h6 6. Nc3 Nc6 7. b3 a6 8. Bb2 O-O
9. Bd3 Re8 10. Qd2 e5 11. dxe5 Nxe5 12. Nxe5 Bxe5 13. O-O-O c6 14. f4 Bd6 15.
Ne2 Qe7 16. Bd4 Bb4 17. c3 Ba3+ 18. Kc2 Ne4 19. Bxe4 Qxe4+ 20. Qd3 Qxd3+ 21.
Rxd3 a5 22. c4 dxc4 23. bxc4 Bf8 24. f5 b5 25. c5 Ba6 26. Rb3 Rab8 27. Rhb1 b4
28. Nf4 Bc4 29. R3b2 Rb7 30. a3 Reb8 31. axb4 axb4 32. Nd3 b3+ 33. Kc3 Bd5 34.
Nf2 Rb4 35. e4 Bc4 36. Nd3 Bxd3 37. Kxd3 Rd8 38. Rxb3 Rbxd4+ 39. Kc3 Bxc5 40.
Rb8 R4d7 41. Kc4 Be7 42. R1b7 Rxb7 43. Rxb7 Bf6 44. Kc5 Be5 45. Kxc6 f6 1/2-1/2